| 000 | 00413nam a2200169Ia 4500 | ||
|---|---|---|---|
| 008 | 210210b1924 xxu||||| |||| 00| 0 eng d | ||
| 041 | _aeng | ||
| 082 | _a539/119 | ||
| 100 | _aWHETHAM (William Cecil Dampier) | ||
| 245 | _aMatter and change | ||
| 260 |
_aCambridge _bAt the University Press. _c1924 |
||
| 300 | _a280 | ||
| 650 | _aMatter | ||
| 650 | _achange | ||
| 690 | _aModern Physics | ||
| 906 | _a009135 | ||
| 999 |
_c126818 _d126818 |
||